| 000 | 00588cam a2200205 4500 | ||
|---|---|---|---|
| 001 | J109240 | ||
| 008 | 000000n2000 000 0 eng u | ||
| 035 | _a(Sirsi) u109240 | ||
| 110 |
_aStrutt & Parker _92509 |
||
| 245 | _aTelecommunications survey 2000 | ||
| 260 |
_aLondon _bStrutt and Parker _c2000 |
||
| 300 | _a4p. ; 30cm. | ||
| 520 | _aSUPERSEDED BY 2ND ED 2001 (E09970) | ||
| 650 | _aTELECOMMUNICATIONS | ||
| 650 | _aMOBILE PHONE MASTS | ||
| 650 | _aTELEPHONE MASTS | ||
| 650 | _aRENTS | ||
| 690 | _aPROPERTY-COMMERCIAL PROPERTY-COMMERCIAL PROPERTY MARKET | ||
| 942 | _n0 | ||
| 999 |
_c100911 _d100911 |
||